000 00290pam a2200109a 44500
008 230405s2010 xxu||||| |||| 00| 0 eng d
041 _aENG
100 _aBedi & Kishore
245 _aGlobal Human Resource Management
260 _a
_bWisdom Publication C-14 D.S.I.D.C
_c2010
906 _a16974
999 _c307473
_d307473